000 00342nam a2200133Ia 4500
008 231129s2010||||xx |||||||||||||| ||spa||
020 _a978-958-30-3405-3
040 _bspa
082 _a930 C341
245 0 _aCasos e incógnitas sin resolver
260 _c2010
264 _aPanamericana
942 _2ddc
_cBKS
999 _c6763
_d6763